000 00522nam a2200205 4500
003 SEACOMMC
005 20231010065645.0
008 231010b |||||||| |||| 00| 0 eng d
020 _cRs. 325.00
040 _aSEACOMMC
082 _a621.815
_bSUB
100 1 _aSharma, P.C.
245 1 2 _aA Textbook of Machine design
_cP.C. Sharma and D.K. Aggarwal
250 _a11th ed.
260 _aDelhi
_bS.K. Kataria
_c2007
650 _aEngineering
650 _aMachine engineering
700 1 _aAggarwal, D.K.
942 _cBOOK
999 _c60
_d60